Lie Coalgebras /

Đã lưu trong:
书目详细资料
主要作者: Michaelis, Walter James
格式: Sách giấy
语言:English
出版: Washington : University of Washington , 1974
标签: 添加标签
没有标签, 成为第一个标记此记录!
Thư viện lưu trữ: Thư viện Trường Đại học Đà Lạt
LEADER 00576nam a2200241 4500
001 DLU020011451
005 ##1/13/2000
041 # # |a eng 
082 # # |a 512.55  |b MI-W 
090 # # |a 512.55  |b MI-W 
100 # # |a Michaelis, Walter James 
245 # # |a Lie Coalgebras /  |c Michaelis Walter James 
260 # # |a Washington :  |b University of Washington ,  |c 1974 
300 # # |a X, 193 tr.;   |c 28 cm. 
992 # # |a 5000 
994 # # |a DLU 
900 # # |a False 
911 # # |a Administrator 
925 # # |a G 
926 # # |a A 
927 # # |a SH 
980 # # |a Thư viện Trường Đại học Đà Lạt